Reflexiones de Pablo Vidàl y Feixas, Boticario Mayor del Hospital General de Santa Cruz de Barcelona sobre la memoria de las aguas minerales de la fuente de la Villa de Espluga de Francolí que dió al publico [sic] Jayme Menós. (Record no. 167448)

MARC details
000 -LEADER
campo de control de longitud fija 01136nam a2200205 i 4500
001 - NÚMERO DE CONTROL
campo de control 167448
003 - IDENTIFICADOR DE NÚMERO DE CONTROL
campo de control ES-MaACL
005 - FECHA Y HORA DE LA ÚLTIMA TRANSACCIÓN
campo de control 20230906213530.0
008 - DATOS DE LONGITUD FIJA--INFORMACIÓN GENERAL
campo de control de longitud fija 050928q17591821sp | |||||||| ||spa d
040 ## - FUENTE DE CATALOGACIÓN
Centro catalogador/agencia de origen CAM
Lengua de catalogación spa
Centro/agencia transcriptor CAM
100 1# - ENTRADA PRINCIPAL--NOMBRE DE PERSONA
Nombre de persona Vidal y Feixas, Pablo.
9 (RLIN) 133684
245 10 - MENCIÓN DEL TÍTULO
Título Reflexiones de Pablo Vidàl y Feixas, Boticario Mayor del Hospital General de Santa Cruz de Barcelona sobre la memoria de las aguas minerales de la fuente de la Villa de Espluga de Francolí que dió al publico [sic] Jayme Menós.
260 ## - PUBLICACIÓN, DISTRIBUCIÓN, ETC.
Lugar de publicación, distribución, etc. Barcel :
Nombre del editor, distribuidor, etc. por Frncisco [ i. e. Francisco] Generas, impresor, vendese en su misma casa, Bajada de la Carcel,
Fecha de publicación, distribución, etc. [entre 1762 y 1766]
300 ## - DESCRIPCIÓN FÍSICA
Extensión 23 p. ;
Dimensiones 4º.
596 ## - NOTA AL PIE DE IMPRENTA
NOTA AL PIE DE IMPRENTA Francisco Generas ejerció ca. 1759-1821.
597 ## - NOTA DE DESCRIPCIÓN FÍSICA
NOTA DE DESCRIPCIÓN FÍSICA Sign.: A¹².
600 14 - PUNTO DE ACCESO ADICIONAL DE MATERIA--NOMBRE DE PERSONA
Nombre de persona Menós, Jayme.
Título de la obra Memoria de las aguas minerales de la fuente de la villa de Espluga de Francolí-
Subdivisión general Crítica e interpretación.
9 (RLIN) 129843
650 #4 - PUNTO DE ACCESO ADICIONAL DE MATERIA--TÉRMINO DE MATERIA
Término de materia o nombre geográfico como elemento de entrada Aguas minerales-
Subdivisión geográfica Espluga de Francolí (Barcelona)
9 (RLIN) 135523
852 ## - LOCALIZACIÓN
Ubicación ES-MaACL
Número de control de estantería R-3097(4)
Encuadernación Olim:T-627-F
Nota libre -- Enc. pasta española, falto de la enc. original
-- -- Enc. en un vol. facticio
Holdings
Estatus retirado Estado de pérdida Estado de daño No para préstamo Colección Biblioteca de origen Biblioteca actual Ubicación en estantería Fecha de adquisición Total de préstamos Signatura topográfica completa Código de barras Visto por última vez Precio de reemplazo Tipo de ítem Koha
        Libros del s. XVIII Biblioteca del Ateneo de Madrid Biblioteca del Ateneo de Madrid Depósito 17/01/2008   R-3097(4) 1175663 23/02/2023 23/02/2023 Libro impreso antiguo